Регионална библиотека "Любен Каравелов" - Русе

Щурче и мравка (Запис номер 148644)

MARC детайли
000 -Лидер
Контролно поле с фиксирана дължина nam a22 a 4500
003 - Код на организацията, давaща контролен номер
Контролно поле BLK
005 - Дата и час на последна редакция
Контролно поле 20230203095427.0
008 - Елементи от данни с фиксирана дължина
fixed length control field 180410b bul|||||r ||||||| ||bul||
010 ## - Наследен системен номер
LC control number KNG00154868000
040 ## - Източник на каталожния запис
Идентификатор на билиотеката - собственик на записа BLK
041 ## - Код за език
Код за езика на текст/звукозапис или на отделно заглавие Български
Код за езика КДБФ Български
080 ## - УДК
Текстов определител УДК Испанска литература
УДК код - определител по УДК 821.134.2
УДК определител -93-34
УДК - код + определител 821.134.2-93-34
139 ## - Редно поле
Редна дума Щурче и мравка
Авторски знак Щур - Щ 62
245 10 - Сведения за заглавието
Заглавие Щурче и мравка
Подзаглавни данни Приказка
Редно поле (дума) прев. от исп. Елена Христова.
257 ## - Страна на издаване
Страна на създаване/издаване Испания
260 ## - Област на издателските данни
Място на издаване, разпространение и проч. София
Име на издателя, разпространителя и проч. Пан
Година на издаване 1993
300 ## - Физическа характеристика
Страници 8 с.
Илюстрации и др. с цв. ил.
Размери/Мащаб 24 см
380 ## - Жанр
Жанр Детска худож. лит.
490 ## - СЕРИИ (Колекции)
Име на серия Поредица Приказки за най-малките
№: серия 1
9 (RLIN) 201154
500 ## - Общи забележки
Забележка Кор. опис. - Без сведение за ориг. загл. - Офс. изд. - 20 000 тир.
700 1# - Други автори (авторска отговорност)
Лично име Христова, Елена
Автороска отговорност (Описва отношението между автора и произведението) прев. от исп.
9 (RLIN) 363598
852 ## - Местоположение
Форматна сигнатура Цб 265894
856 4# - Електронен адрес и достъп
Електронен формат pdf - файл
Инструкция (цена за достъп) 0.00
Права за достъп disable
856 4# - Електронен адрес и достъп
Електронен формат pdf - файл
Инструкция (цена за достъп) 0.00
Права за достъп disable
999 ## - СИСТЕМНИ КОНТРОЛНИ НОМЕРА
Koha biblionumber 148644
Koha biblioitemnumber 148644
942 ## - АРТИКУЛИ
Вид на библиотечния материал Книги
Скрит в OPAC Не
Периодичен библиозапис Да
944 ## - СЪЗДАВАНЕ И РЕДАКЦИЯ на ЗАПИСА
Създаване/Редакция Създаване
Дата на регистрацията/редакция 20.12.2013
Статус, дата на статуса 20.12.2013 - от С1,Р / 20.12.2013
Служител, извършил регистрацията/редакцията Ванина_Грозева
944 ## - СЪЗДАВАНЕ И РЕДАКЦИЯ на ЗАПИСА
Създаване/Редакция Редакция
Дата на регистрацията/редакция 20.12.2013
Статус, дата на статуса 20.12.2013 - от С1,Р / 20.12.2013
999 ## - СИСТЕМНИ КОНТРОЛНИ НОМЕРА
Koha biblioitemnumber 148644
Наличности
Код за отписване Код за изгубен артикул Източник на класификационната схема Код за повреда Коз за рестрикции Код за отдаване Артикулен № Име на библиотеката - собственик Име на библиотеката, в която се намира в момента Статус (Текущо местоположение) Дата на вписване в системата Местоположение - отдел Цена в лева Инвентарен номер Систематично азбучна сигнатура Баркод Номер на екземпляра Цена в евро Служебна бележка Служебен тип на артикула
  Не е изгубен Universal Decimal Classification Не е повреден без рестрикции ползва се в читалня 247530 Регионална библиотека "Любен Каравелов" Русе Регионална библиотека "Любен Каравелов" Русе Хранилище 1993-01-01 Хранилище 0.28 583233 Цб 265894 120000583233 1 0.14 N: стар фонд Дата: 01.01.1993 Книги
Изтеглен Не е изгубен Universal Decimal Classification Не е повреден без рестрикции заемане за дома 247531 Регионална библиотека "Любен Каравелов" Русе Регионална библиотека "Любен Каравелов" Русе Детски отдел 1993-01-01 Детски отдел 0.56 582161 ДХ 820/899/Щ 62 582161 2 0.29 N: стар фонд Дата: 01.01.1993 Дата инв: 13.08.2015 Бележки инв: Д2015 Книги
Изтеглен Не е изгубен Universal Decimal Classification Не е повреден без рестрикции заемане за дома 247532 Регионална библиотека "Любен Каравелов" Русе Регионална библиотека "Любен Каравелов" Русе Детски отдел 1993-01-01 Детски отдел 0.56 582162 ДХ 820/899/Щ 62 582162 3 0.29 N: стар фонд Дата: 01.01.1993 Дата инв: 13.08.2015 Бележки инв: Д2015 Книги
Изтеглен Не е изгубен Universal Decimal Classification Не е повреден без рестрикции заемане за дома 247533 Регионална библиотека "Любен Каравелов" Русе Регионална библиотека "Любен Каравелов" Русе Детски отдел 1993-01-01 Детски отдел 0.56 582164 ДХ 820/899/Щ 62 582164 4 0.29 N: стар фонд Дата: 01.01.1993 Дата инв: 17.08.2015 Бележки инв: Д2015 Книги
Vip Innovations Ltd, Rousse, Bulgaria 2025